000 00877nam a2200205Ii 4500
003 JO-AjNU
008 230605s9999||||xx |||||||||||||| ||und||
040 _aJO-AjNU
_bara
_erda
_cJO-AjNU
041 _aara
050 1 4 _aQ180.A1.Z39.2007
100 3 _aزايد، فهد خليل,
_eauthor
_921826
245 0 0 _aأساسيات منهجية البحث في العلوم الإنسانية: المشروع التطويري البحث العلمي والتربوي
250 _aد.ط
264 3 1 _aعمان:دار النفائس ، 2007
300 _a272ص
_bملحق من صفحة م240-245 فهرس من246-247ص
336 _atext
_btxt
_2rdacontent
337 _aunmediated
_bn
_2rdamedia
338 _avolume
_bnc
_2rdacarrier
650 4 _aالانسانيات - طرق البحث - العلوم الاجتماعية - طرق البحث - البحث العلمي
_921827
999 _aA7649
_c11217
_d11217